Panduan pengucapan awam

Bibliographic Details
Main Author: ABDUL Mua'ti Haji Ahmad
Format: Book
Published: Kuala Lumpur : DBP , 2000
Subjects:

MARC

LEADER 00000cam a2200000 7i4500
001 0000001114
005 20140104.0
020 0 0 |a 9836265082 
090 0 0 |a 808.51   |b ABD 2000 
100 0 0 |a ABDUL Mua'ti Haji Ahmad 
245 1 0 |a Panduan pengucapan awam   |c Abdul Mua'ti @ Zamri Ahmad 
260 0 0 |a Kuala Lumpur :   |b DBP ,   |c 2000 
300 |a xviii, 123 p. :   |b ill. ;   |c 22 cm. 
500 0 0 |a Bibliography : [p. 119-120] and index 
650 0 0 |a Public speaking   |x Handbooks, manuals, etc. 
998 |a JPSM 
999 |a 0000002035   |b Monograph   |c Open Shelf   |e Default branch